Statistics for 財政力指数TOP100の市区町村

Click here to take the quiz!

General Stats

  • This quiz has been taken 273 times
  • The average score is 34 of 100

Answer Stats

順位都道府県自治体名財政力指数% Correct
9愛知県豊田市1.42
85%
88愛知県名古屋市0.98
75%
1愛知県飛島村2.1
65%
67愛知県岡崎市1.02
63%
66神奈川県川崎市1.02
63%
6千葉県浦安市1.46
62%
80愛知県豊橋市0.99
62%
23東京都港区1.22
58%
27三重県四日市市1.21
54%
53茨城県つくば市1.05
54%
16千葉県成田市1.29
54%
5東京都武蔵野市1.48
53%
13茨城県東海村1.36
51%
15愛知県刈谷市1.31
51%
35東京都立川市1.14
49%
94埼玉県さいたま市0.97
46%
32東京都調布市1.17
45%
31東京都府中市1.18
45%
75静岡県富士市1
45%
36東京都三鷹市1.14
44%
21愛知県安城市1.26
44%
46神奈川県鎌倉市1.07
44%
49神奈川県藤沢市1.06
44%
14新潟県刈羽村1.33
44%
24愛知県小牧市1.22
43%
45千葉県市川市1.08
43%
11神奈川県箱根町1.39
43%
55千葉県市原市1.05
42%
3長野県軽井沢町1.61
42%
28神奈川県厚木市1.2
42%
51愛知県長久手市1.06
41%
38東京都多摩市1.12
40%
19愛知県東海市1.27
40%
57東京都国分寺市1.04
39%
2青森県六ケ所村1.69
39%
58神奈川県海老名市1.04
38%
90愛知県知立市0.98
38%
78東京都国立市0.99
38%
98愛知県半田市0.97
37%
69兵庫県芦屋市1.02
37%
77茨城県鹿嶋市0.99
36%
85栃木県宇都宮市0.98
35%
64愛知県日進市1.03
35%
33愛知県大府市1.15
35%
8大阪府田尻町1.43
35%
12茨城県神栖市1.38
34%
4北海道泊村1.53
34%
79福井県おおい町0.99
34%
26愛知県碧南市1.21
34%
99大阪府吹田市0.97
33%
59福井県高浜町1.04
32%
72東京都小金井市1.01
32%
10愛知県みよし市1.41
32%
89愛知県西尾市0.98
31%
61千葉県君津市1.03
31%
62静岡県御殿場市1.03
30%
18三重県川越町1.28
30%
63静岡県湖西市1.03
29%
17佐賀県玄海町1.29
29%
93群馬県太田市0.97
29%
81愛知県田原市0.99
28%
97静岡県御前崎市0.97
28%
54埼玉県和光市1.05
28%
50神奈川県寒川町1.06
27%
92栃木県小山市0.97
27%
68愛知県高浜市1.02
27%
41愛知県幸田町1.11
27%
29山梨県忍野村1.2
27%
7福島県大熊町1.45
26%
95東京都昭島市0.97
26%
84茨城県守谷市0.98
25%
56千葉県印西市1.04
25%
20静岡県長泉町1.26
25%
25埼玉県戸田市1.21
25%
82愛知県武豊町0.99
24%
30山梨県山中湖村1.19
24%
42滋賀県竜王町1.11
23%
70宮城県女川町1.01
23%
39愛知県豊山町1.12
21%
65群馬県大泉町1.02
21%
43千葉県袖ケ浦市1.09
21%
86埼玉県朝霞市0.98
21%
76静岡県裾野市1
20%
22福岡県苅田町1.24
20%
40京都府久御山町1.12
20%
91滋賀県栗東市0.98
20%
100大阪府摂津市0.97
20%
96神奈川県中井町0.97
19%
71埼玉県八潮市1.01
19%
73東京都瑞穂町1
19%
87千葉県芝山町0.98
18%
37山梨県昭和町1.13
18%
74神奈川県愛川町1
17%
47新潟県聖籠町1.07
17%
34愛知県大口町1.15
16%
60栃木県芳賀町1.03
15%
48埼玉県三芳町1.06
12%
52宮城県大和町1.05
12%
44福島県広野町1.08
8%
83福島県新地町0.98
7%

Score Distribution

Percentile by Number Answered

Percent of People with Each Score

Your Score History

You have not taken this quiz